|
|
|
|
| LEADER |
00000nab a2200000 a 4500 |
| 001 |
vtls000876992 |
| 003 |
SK-MaSNL |
| 005 |
20260304125211.0 |
| 008 |
250429c2004 xo 0 slo |
| 015 |
|
|
|a SNBRB2004/06-19022
|
| 035 |
|
|
|a CLN000228544
|
| 035 |
|
|
|a urn:nbn:sk:snk-ab23vv
|
| 035 |
|
|
|a (urnnbn)urn:nbn:sk:snk:ar-a01kbn
|
| 035 |
|
|
|a (uuid)6a54dba4-ba37-4ce8-b843-b299c35c650a
|
| 040 |
|
|
|a SNKBUCL
|b slo
|c SNKBUCL
|e AACR2
|
| 041 |
0 |
|
|a slo
|
| 044 |
|
|
|a xo
|c SK
|
| 080 |
|
|
|a 339.923(4:437.6)
|2 1997
|
| 080 |
|
|
|a 336.22(437.6):339.923(4)
|2 1997
|
| 100 |
1 |
|
|a Podolinský, Vladimír
|4 aut
|9 737156
|
| 245 |
1 |
0 |
|a Medzinárodné prostredie daňového systému po vstupe Slovenska do Európskej únie
|c Vladimír Podolinský, Juraj Vališ
|
| 610 |
|
7 |
|a Európska únia
|2 snkbucl
|9 29861
|
| 650 |
0 |
7 |
|a dane
|x systémy daňové
|x Európska únia
|z Slovensko
|x legislatíva
|x harmonizácia
|2 snkbucl
|9 1437509
|
| 655 |
|
7 |
|a články z novín a časopisov
|2 snkbucl
|9 267496
|
| 700 |
1 |
|
|a Vališ, Juraj,
|d 1978-
|4 aut
|9 249060
|
| 773 |
0 |
|
|t Biatec
|g Roč. 12, č. 6 (2004), s. 7-11
|x 1335-0900
|
| 850 |
|
|
|a Slovenská národná knižnica
|
| 852 |
|
|
|a Slovenská národná knižnica
|
| 954 |
|
|
|a odborná, vedecká literatúra pôvodná (slovenská)
|2 lita
|
| 958 |
|
|
|a article2022
|
| 958 |
|
|
|a SK
|
| 958 |
|
|
|a OND
|
| 958 |
|
|
|a EUIPO
|
| 992 |
|
|
|a RBX
|
| 999 |
|
|
|c 2893421
|d 2895351
|